书目信息 |
| 题名: |
学习与研究
|
|
| 作者: | 陈岩 主编 | |
| 分册: | ||
| 出版信息: | 北京 国家行政学院出版社 2011 |
|
| 页数: | 306页 | |
| 开本: | 24cm | |
| 丛书名: | ||
| 单 册: | ||
| 中图分类: | D609.9 | |
| 科图分类: | ||
| 主题词: | 时事评论--中国--现代--文集 | |
| 电子资源: | ||
| ISBN: | 978-7-5150-0136-4 | |
| 000 | 01078nam0 2200241 450 | |
| 001 | 337908 | |
| 005 | 20150529083447.03 | |
| 010 | @a978-7-5150-0136-4@dCNY50.00 | |
| 100 | @a20121121d2011 em y0chiy50 ea | |
| 101 | 0 | @achi |
| 102 | @aCN@b110000 | |
| 105 | @ay z 000yy | |
| 106 | @ar | |
| 200 | 1 | @a学习与研究@Axue xi yu yan jiu@e国家行政学院第十期青年干部培训班课题研究报告集@f陈岩主编 |
| 210 | @a北京@c国家行政学院出版社@d2011 | |
| 215 | @a306页@d24cm | |
| 330 | @a本书收录了: 中国居民收入分配研究;行政公诉制度若干问题研究;机关和事业单位基本建设招标投标中回避机制的建立;浅析促进区域科技创新的金融支持;新形势下地方政府融资平台问题再探讨;城乡统筹发展背景下的农村土地制度创新研究;区域创新多元开放平台 (MOP) 建设的规划策略等报告文集。 | |
| 517 | 1 | @a国家行政学院第十期青年干部培训班课题研究报告集@Aguo jia xing zheng xue yuan di shi qi qing nian gan bu pei xun ban ke ti yan jiu bao gao ji |
| 606 | 0 | @a时事评论@y中国@z现代@j文集 |
| 690 | @aD609.9@v5 | |
| 701 | 0 | @a陈岩@Achen yan@c(培训工作)@4主编 |
| 801 | 0 | @aCN@b卓展宏图@c20150525 |
| 905 | @dD609.9@e123@f4 | |
| 学习与研究:国家行政学院第十期青年干部培训班课题研究报告集/陈岩主编.-北京:国家行政学院出版社,2011 |
| 306页;24cm |
| ISBN 978-7-5150-0136-4:CNY50.00 |
| 本书收录了: 中国居民收入分配研究;行政公诉制度若干问题研究;机关和事业单位基本建设招标投标中回避机制的建立;浅析促进区域科技创新的金融支持;新形势下地方政府融资平台问题再探讨;城乡统筹发展背景下的农村土地制度创新研究;区域创新多元开放平台 (MOP) 建设的规划策略等报告文集。 |
| ● |
| 相关链接 |
|
|
|
|
正题名:学习与研究
索取号:D609.9/123
 
预约/预借
| 序号 | 登录号 | 条形码 | 馆藏地/架位号 | 状态 | 备注 |
| 1 | 856652 | 208566522 | 第一样本阅览室/ [索取号:D609.9/123] | 在馆 | |
| 2 | 856653 | 208566531 | 密集书库-史法系/ [索取号:D609.9/123] | 在馆 | |
| 3 | 856654 | 208566540 | 第一借阅区/ [索取号:D609.9/123] | 在馆 | |
| 4 | 856655 | 208566559 | 第一借阅区/ [索取号:D609.9/123] | 在馆 |